DC Comics Presents Characters Quiz Stats

 Plays Quiz not verified by Sporcle

Score 0/118 Timer 10:00
0 Plays Today
Issue Character % Correct
83Batman and the Outsiders
98.3%
Annual 1Golden Age Superman
97.9%
ALLSuperman
97.8%
6Green Lantern
94.9%
26Green Lantern
94.9%
9Wonder Woman
93.8%
32Wonder Woman
93.8%
76Wonder Woman
93.8%
1Flash
93.5%
2Flash
93.5%
38Flash
93.5%
73Flash
93.5%
58Robin & Elongated Man
93.3%
31Robin
91.9%
20Green Arrow
90.1%
54Green Arrow
90.1%
5Aquaman
88.5%
48Aquaman
88.5%
72Phantom Stranger & The Joker
86%
11Hawkman
85.5%
74Hawkman
85.5%
95Hawkman
85.5%
28Supergirl
85%
86Supergirl
85%
93The Elastic Four
83.7%
41The Joker
83.1%
27The Manhunter from Mars
83%
55Air-Wave I & II, Superboy
80.6%
30Black Canary
80.3%
14Superboy
79.9%
87Superboy Prime
79.9%
30 WHTGolden Age Atom
79.7%
15Atom
79.7%
51Atom
79.7%
37Hawkgirl
79.3%
21Elongated Man
77.9%
19Batgirl
76.4%
39Plastic Man
75.4%
90Firestorm & Captain Atom
74.9%
25Phantom Stranger
72.6%
Issue Character % Correct
18Zatanna
72.4%
34The Shazam! Family
72.2%
33Captain Marvel
72.1%
49Captain Marvel
72.1%
Annual 3Captain Marvel
72.1%
17Firestorm
71.7%
23Doctor Fate
71.7%
45Firestorm
71.7%
7Red Tornado
67.5%
13Legion of Superheroes
67.1%
43Legion of Superheroes
67.1%
80Legion of Superheroes
67.1%
29The Spectre
65.9%
16Black Lightning
62.3%
40Metamorpho
61.2%
56Power Girl
61%
8Swamp Thing
60.8%
85Swamp Thing
60.8%
25 WHTHourman
60.1%
10Sgt. Rock
59.2%
3Adam Strange
58.4%
82Adam Strange
58.4%
52The Doom Patrol
58.2%
36Starman
58.1%
42 WHTSandman
55.3%
12Mister Miracle
54.6%
77The Forgotten Heroes
54.5%
29 WHTDr. Mid-Nite I
54%
4Metal Men
53.6%
70Metal Men
53.6%
40 WHTAir-Wave I
52.9%
24Deadman
51.5%
68Vixen
50.1%
66The Demon
49.1%
31 WHTRobotman
44.5%
88Creeper
44.3%
84Challengers of the Unknown
44.3%
Annual 2Superwoman
44.1%
Annual 4Superwoman
44.1%
62The Freedom Fighters
44.1%
Issue Character % Correct
96Blue Devil
43.6%
50Clark Kent
43.4%
79Clark Kent
43.4%
92Vigilante
43.2%
64Kamandi
42.7%
69Blackhawk
42.5%
38 WHTThe Crimson Avenger
41.6%
71Bizarro
41.1%
22Captain Comet
39.8%
91Captain Comet
39.8%
97The Phantom Zone Criminals
39.5%
28 WHTJohnny Thunder
39.4%
42The Unknown Soldier
39.3%
60The Guardians of the Universe
38.2%
47Masters of the Universe
38%
81Ambush Bug
37%
35Man-Bat
35.9%
94Harbinger, Lady Quark & Pariah
35.9%
61OMAC
35.5%
46The Global Guardians
34.9%
53House of Mystery
34.7%
37 WHTRip Hunter: Time Master
34.4%
59Legion of Substitute Heroes
34.3%
78The Forgotten Villains
33.1%
67Santa Claus
32.7%
26 WHTSargon the Sorcerer
32.4%
27 WHTCongorilla
32.3%
63Amethyst
32.2%
65Madame Xanadu
32%
75Arion
29.2%
35 WHTRex, the Wonder Dog
28.5%
44Dial 'H' For Hero
28.1%
57The Atomic Knights
28.1%
32 WHTMark Merlin & Prince Ra-Man
28%
39 WHTRichard Dragon
27.9%
89The Omega Men
27.7%
48 WHTThe Black Pirate
24%
33 WHTStar Hawkins
21.9%

You're not logged in!

Compare scores with friends on all Sporcle quizzes.
OR
Log In

Show Comments

Extras

Top Quizzes Today


Score Distribution

Your Account Isn't Verified!

In order to create a playlist on Sporcle, you need to verify the email address you used during registration. Go to your Sporcle Settings to finish the process.

Report this User

Report this user for behavior that violates our Community Guidelines.

Details: